Geography Quiz

Random Geography or World Quiz

Anything but Monaco Quiz Stats

 Plays Quiz Updated Sep 9, 2014

Score 0/47 Timer 07:00
12 Plays Today
% Correct
Spain
97%
Germany
96%
Belgium
94.3%
Italy
91.2%
Switzerland
90.4%
Andorra
88.7%
Luxembourg
87.8%
Sweden
80.3%
Norway
78.7%
Morocco
74.8%
Morocco
74.8%
Poland
73.5%
Greece
73.5%
Latvia
72.3%
Russia
70.3%
Mozambique
70.2%
Moldova
70.1%
Serbia
66.1%
Turkey
65.8%
France
62.1%
Montenegro
61.7%
Cyprus
60.8%
Brazil
60.2%
Vatican City
60%
% Correct
Kosovo
58.4%
Singapore
57.2%
Colombia
56.4%
Suriname
56.2%
Mongolia
49.8%
Comoros
47.1%
Democratic Republic of Congo (37 km)
44.1%
Democratic Republic of Congo
44.1%
Malta
42%
Republic of Congo
38.9%
Costa Rica
38.3%
Mexico
32.2%
Bangladesh
31.3%
Nauru (30 km)
30.7%
Slovenia (47 km)
28.4%
Cote d'Ivoire
28.1%
Bahrain
27.2%
Tuvalu (24 km)
24.4%
Bosnia and Herzegovina (20km)
23.7%
Palestine
21.5%
Palestine (42 km)
21.5%
Maldives
18.8%
Jordan (26 km)
14.9%

You're not logged in!

Compare scores with friends on all Sporcle quizzes.
OR
Log In

You Might Also Like...

Show Comments

Extras

Top Quizzes Today


Score Distribution

Your Account Isn't Verified!

In order to create a playlist on Sporcle, you need to verify the email address you used during registration. Go to your Sporcle Settings to finish the process.

Report this User

Report this user for behavior that violates our Community Guidelines.

Details: